Un week-end post-moderno. Cronache dagli Anni Ottanta

Uloženo v:
Podrobná bibliografie
Hlavní autor: Tondelli Pier Vittorio
Médium: Kniha
Jazyk:neznámý jazyk
Vydáno: Milano Bompiani 1990
Tagy: Přidat tag
Žádné tagy, Buďte první, kdo vytvoří štítek k tomuto záznamu!

MARC

LEADER 00000nam a2200000Ia 4500
001 376
003 NUMERAZIONE-ORIGINALE-BRESCIA
005 20260206230752.0
008 260206s9999 xx 000 0 und d
100 |a Tondelli Pier Vittorio 
245 0 |a Un week-end post-moderno. Cronache dagli Anni Ottanta 
260 |a Milano 
260 |b Bompiani 
260 |c 1990 
500 |a (autografato?) 
500 |a Il libro porta firma autografa autore 
942 |2 ddc  |c BK  |n 0 
952 |0 0  |1 0  |2 ddc  |4 0  |6 13  |7 0  |9 28575  |a BS  |b BS  |d 2026-02-06  |i 376  |l 0  |o 1-3-*  |r 2026-02-06 22:40:38  |w 2026-02-06  |x [REVISIONARE]  |y BK 
999 |c 24237  |d 24237